Les villes les plus peuplées du Morbihan - Statistiques

Statistiques générales
  • Ce quiz a été pris 393 fois
  • Le résultat moyen est 10 sur 20
Statistiques - réponses
Population Ville % Correct
59 224 Lorient
99%
51 759 Vannes
98%
13 501 Pontivy
82%
10 899 Auray
73%
21 901 Lanester
72%
13 410 Hennebont
63%
7 526 Ploërmel
57%
18 301 Ploemeur
49%
7 871 Séné
45%
8 298 Saint-Avé
43%
6 157 Sarzeau
42%
9 155 Guidel
40%
5 717 Questembert
38%
8 472 Larmor-Plage
36%
8 311 Quéven
30%
6 745 Caudan
26%
5 429 Pluvigner
24%
6 488 Languidic
22%
5 555 Guer
20%
5 399 Inzinzac-Lochrist
17%
Aucun quiz correspondant
Distribution des résultats
% des personnes avec chaque résultat
Percentile par nombre de réponses
Votre historique - résultats
Vous n’avez pas pris ce quiz